Statistics for Largest Airlines of Europe

Click here to take the quiz!

General Stats

  • This quiz has been taken 924 times
    (553 since last reset)
  • The average score is 11 of 15

Answer Stats

Rank Country Answer % Correct
3UK, Spain, IrelandInternational Airlines Group
98%
4France, NetherlandsAir France-KLM
98%
1Germany, Switzerland, AustriaLufthansa Group
97%
6TurkeyTurkish Airlines
94%
2IrelandRyan Air
90%
7RussiaAeroflot Group
90%
10Sweden, Norway, DenmarkSAS Group
84%
12ItalyAlitalia
84%
14PortugalTAP Air Portugal
83%
8NorwayNorwegian Air Shuttle ASA
78%
5UK, SwitzerlandEasy Jet
65%
15Greece, CyprusAegean Airlines
60%
9HungaryWizz Air
51%
11TurkeyPegasus Airlines
42%
13RussiaS7 Group
36%

Score Distribution

Percentile by Number Answered

Percent of People with Each Score

Your Score History

You have not taken this quiz since the last reset